<?xml version="1.0" encoding="UTF-8"?>
<record
    xmlns:xsi="http://www.w3.org/2001/XMLSchema-instance"
    xsi:schemaLocation="http://www.loc.gov/MARC21/slim http://www.loc.gov/standards/marcxml/schema/MARC21slim.xsd"
    xmlns="http://www.loc.gov/MARC21/slim">

  <leader>03329nam a2200481 i 4500</leader>
  <controlfield tag="001">ebr10756834</controlfield>
  <controlfield tag="003">CaPaEBR</controlfield>
  <controlfield tag="006">m     o  d        </controlfield>
  <controlfield tag="007">cr cn|||||||||</controlfield>
  <controlfield tag="008">080715s2009    enkae   ob    001 0 eng|d</controlfield>
  <datafield tag="020" ind1=" " ind2=" ">
    <subfield code="z">9781405178778 (pbk. : alk. paper)</subfield>
  </datafield>
  <datafield tag="020" ind1=" " ind2=" ">
    <subfield code="z">1405178779 (pbk. : alk. paper)</subfield>
  </datafield>
  <datafield tag="020" ind1=" " ind2=" ">
    <subfield code="a">9781118829981 (e-book)</subfield>
  </datafield>
  <datafield tag="040" ind1=" " ind2=" ">
    <subfield code="a">CaPaEBR</subfield>
    <subfield code="b">eng</subfield>
    <subfield code="e">rda</subfield>
    <subfield code="e">pn</subfield>
    <subfield code="c">CaPaEBR</subfield>
  </datafield>
  <datafield tag="035" ind1=" " ind2=" ">
    <subfield code="a">(OCoLC)861529076</subfield>
  </datafield>
  <datafield tag="050" ind1="1" ind2="4">
    <subfield code="a">RA564.8</subfield>
    <subfield code="b">.H456 2009eb</subfield>
  </datafield>
  <datafield tag="082" ind1="0" ind2="4">
    <subfield code="a">613/.0438</subfield>
    <subfield code="2">22</subfield>
  </datafield>
  <datafield tag="082" ind1="0" ind2="4">
    <subfield code="a">613.20846</subfield>
    <subfield code="2">22</subfield>
  </datafield>
  <datafield tag="245" ind1="0" ind2="0">
    <subfield code="a">Healthy ageing :</subfield>
    <subfield code="b">the role of nutrition and lifestyle : the report of a British Nutrition Foundation task force /</subfield>
    <subfield code="c">chaired by John C. Mathers ; edited by Sara Stanner, Rachel Thompson, Judith L. Buttriss.</subfield>
  </datafield>
  <datafield tag="264" ind1=" " ind2="1">
    <subfield code="a">Chichester, United Kingdom ;</subfield>
    <subfield code="a">Ames, Iowa :</subfield>
    <subfield code="b">Published by Wiley-Blackwell for the British Nutrition Foundation,</subfield>
    <subfield code="c">2009.</subfield>
  </datafield>
  <datafield tag="300" ind1=" " ind2=" ">
    <subfield code="a">1 online resource (450 pages) :</subfield>
    <subfield code="b">illustrations, plans</subfield>
  </datafield>
  <datafield tag="336" ind1=" " ind2=" ">
    <subfield code="a">text</subfield>
    <subfield code="2">rdacontent</subfield>
  </datafield>
  <datafield tag="337" ind1=" " ind2=" ">
    <subfield code="a">computer</subfield>
    <subfield code="2">rdamedia</subfield>
  </datafield>
  <datafield tag="338" ind1=" " ind2=" ">
    <subfield code="a">online resource</subfield>
    <subfield code="2">rdacarrier</subfield>
  </datafield>
  <datafield tag="504" ind1=" " ind2=" ">
    <subfield code="a">Includes bibliographical references and index.</subfield>
  </datafield>
  <datafield tag="505" ind1="0" ind2=" ">
    <subfield code="a">Diet and nutrition issues relevant to older adults / Brigid McKevith -- The basic biology of ageing / Thomas B.L. Kirkwood and John C. Mathers -- Healthy ageing : teeth and the oral cavity / Angus Walls -- Healthy ageing : bone health / Nigel Loveridge and Susan A. Lanham-New -- Healthy ageing : the joints / Paul Dieppe -- Healthy ageing : skeletal muscle / Emilie A. Wilkes and Michael J. Rennie -- Healthy ageing : the skin / Gail Jenkins, Linda J. Wainwright, and Martin R. Green -- Healthy ageing : the brain / Robert Clarke -- Healthy ageing : the eyes / Astrid E. Fletcher -- Healthy ageing : the cardiovascular system / Sara Stanner -- Healthy ageing : the immune system / Rosalyn J. Forsey ... [et al.] -- Healthy ageing : the gastrointestinal tract / Ian Rowland and John C. Mathers -- Healthy ageing : the endocrine system / Brigid McKevith -- Taking the science forward : public health implications / Judith L. Buttriss -- Conclusions of the task force -- Recommendations of the task force -- Healthy ageing : answers to common questions.</subfield>
  </datafield>
  <datafield tag="588" ind1=" " ind2=" ">
    <subfield code="a">Description based on print version record.</subfield>
  </datafield>
  <datafield tag="590" ind1=" " ind2=" ">
    <subfield code="a">Electronic reproduction. Palo Alto, Calif. : ebrary, 2013. Available via World Wide Web. Access may be limited to ebrary affiliated libraries.</subfield>
  </datafield>
  <datafield tag="650" ind1=" " ind2="0">
    <subfield code="a">Older people</subfield>
    <subfield code="x">Health and hygiene.</subfield>
  </datafield>
  <datafield tag="650" ind1=" " ind2="0">
    <subfield code="a">Older people</subfield>
    <subfield code="x">Nutrition.</subfield>
  </datafield>
  <datafield tag="650" ind1=" " ind2="0">
    <subfield code="a">Aging</subfield>
    <subfield code="x">Nutritional aspects.</subfield>
  </datafield>
  <datafield tag="650" ind1=" " ind2="0">
    <subfield code="a">Health behavior.</subfield>
  </datafield>
  <datafield tag="650" ind1=" " ind2="0">
    <subfield code="a">Lifestyles</subfield>
    <subfield code="x">Health aspects.</subfield>
  </datafield>
  <datafield tag="655" ind1=" " ind2="0">
    <subfield code="a">Electronic books.</subfield>
  </datafield>
  <datafield tag="700" ind1="1" ind2=" ">
    <subfield code="a">Mathers, John C.</subfield>
  </datafield>
  <datafield tag="700" ind1="1" ind2=" ">
    <subfield code="a">Stanner, Sara.</subfield>
  </datafield>
  <datafield tag="700" ind1="1" ind2=" ">
    <subfield code="a">Thompson, Rachel,</subfield>
    <subfield code="c">Dr.</subfield>
  </datafield>
  <datafield tag="700" ind1="1" ind2=" ">
    <subfield code="a">Buttriss, Judith.</subfield>
  </datafield>
  <datafield tag="710" ind1="2" ind2=" ">
    <subfield code="a">British Nutrition Foundation.</subfield>
  </datafield>
  <datafield tag="776" ind1="0" ind2="8">
    <subfield code="i">Print version:</subfield>
    <subfield code="t">Healthy ageing : the role of nutrition and lifestyle : the report of a British Nutrition Foundation task force.</subfield>
    <subfield code="d">Chichester, United Kingdom : Published by Wiley-Blackwell for the British Nutrition Foundation, 2009</subfield>
    <subfield code="h">xxi, 426 pages ; 25 cm.</subfield>
    <subfield code="z">9781405178778</subfield>
    <subfield code="w">(OCoLC)ocn236052529</subfield>
    <subfield code="w">(DLC)  2008031224</subfield>
  </datafield>
  <datafield tag="797" ind1="2" ind2=" ">
    <subfield code="a">ebrary.</subfield>
  </datafield>
  <datafield tag="856" ind1="4" ind2="0">
    <subfield code="u">http://site.ebrary.com/lib/rucke/Doc?id=10756834</subfield>
    <subfield code="z">An electronic book accessible through the World Wide Web; click to view</subfield>
  </datafield>
  <datafield tag="999" ind1=" " ind2=" ">
    <subfield code="c">118458</subfield>
    <subfield code="d">118458</subfield>
  </datafield>
</record>
